[Event "a plk. Karla Hromádky"]
[Site "?"]
[Date "????.??.??"]
[Round "1.1"]
[White "Stork, Rostislav"]
[Black "Mayer, Josef"]
[Result "1/2-1/2"]
[WhiteElo "1824"]
[BlackElo "1984"]
[PlyCount "98"]

1. e4 g6 2. d4 Bg7 3. Be3 d6 4. Nc3 Nf6 5. f3 O-O 6. Qd2 e5 7. dxe5 dxe5 8.
O-O-O Qxd2+ 9. Rxd2 Be6 10. Bb5 Nbd7 11. Nge2 Nb6 12. Ng3 c6 13. Be2 Rfd8 14.
Rhd1 Rxd2 15. Rxd2 Bf8 16. a3 Bc4 17. Bxb6 Bxe2 18. Be3 Bc4 19. Bg5 Be7 20.
Nge2 Kg7 21. g3 Be6 22. f4 exf4 23. e5 Ng8 24. Bxe7 Nxe7 25. gxf4 Nf5 26. Ng3
Kf8 27. Nxf5 Bxf5 28. Nd1 Ke7 29. Ne3 Be6 30. c4 Rd8 31. Rxd8 Kxd8 32. c5 Ke7
33. b4 h6 34. Kd2 g5 35. f5 Ba2 36. Kc3 Bb1 37. Kd4 h5 38. a4 g4 39. b5 Kd7 40.
f6 Ke6 41. Nf1 h4 42. Ne3 g3 43. hxg3 hxg3 44. Ng2 Bc2 45. Nf4+ Kd7 46. bxc6+
bxc6 47. a5 Bd1 48. Ke3 Bg4 49. Ke4 Bd1 1/2-1/2

[Event "a plk. Karla Hromádky"]
[Site "?"]
[Date "????.??.??"]
[Round "1.2"]
[White "Nemec, Igor"]
[Black "Svetly, Jiri"]
[Result "1/2-1/2"]
[WhiteElo "1957"]
[BlackElo "1981"]
[PlyCount "79"]

1. e4 d6 2. d4 Nf6 3. Nc3 g6 4. f4 Bg7 5. Bd3 O-O 6. Nf3 Bg4 7. O-O Nc6 8. Be3
e5 9. Ne2 Re8 10. dxe5 dxe5 11. Nxe5 Nxe5 12. fxe5 Rxe5 13. h3 Bxe2 14. Qxe2
Nxe4 15. Qf3 f5 16. Rad1 Qe7 17. Bd4 Re8 18. Bxe5 Qc5+ 19. Kh1 Rxe5 20. Bxe4
Rxe4 21. Rd7 Be5 22. Qb3+ Qc4 23. Qxc4+ Rxc4 24. c3 Re4 25. Rfd1 h5 26. Kg1 Bg3
27. Kf1 h4 28. R7d2 Kf7 29. Re2 Rf4+ 30. Kg1 Ra4 31. b3 Ra6 32. c4 Bd6 33. Kf2
Kf6 34. Kf3 g5 35. Rd5 Ra3 36. Ke3 a5 37. Kd4 b6 38. Kc3 a4 39. Rf2 f4 40. Rc2
1/2-1/2

[Event "a plk. Karla Hromádky"]
[Site "?"]
[Date "????.??.??"]
[Round "1.3"]
[White "Urban, Vlastimil"]
[Black "Kovacs, Ivan"]
[Result "1-0"]
[WhiteElo "1954"]
[BlackElo "1687"]
[PlyCount "53"]

1. d4 d5 2. c4 dxc4 3. a4 e6 4. Nf3 b6 5. Nc3 Bb4 6. e3 Bb7 7. Bxc4 Bxc3+ 8.
bxc3 Nf6 9. Ba3 Nc6 10. O-O Ne7 11. Ne5 O-O 12. a5 Re8 13. Qc2 g6 14. Bb5 c6
15. Bxe7 Rxe7 16. Bxc6 Qc7 17. axb6 Qb8 18. bxa7 Rxa7 19. Rxa7 Qxa7 20. c4 Rc7
21. Bxb7 Qxb7 22. c5 Nd5 23. h3 h5 24. Rb1 Qa8 25. Qb3 Rc8 26. Qb7 f6 27. Qf7+
1-0

[Event "a plk. Karla Hromádky"]
[Site "?"]
[Date "????.??.??"]
[Round "1.4"]
[White "Krejcik, Miroslav"]
[Black "Kredl, Karel"]
[Result "0-1"]
[WhiteElo "1886"]
[BlackElo "2033"]
[PlyCount "64"]

1. d4 Nf6 2. g3 d5 3. Nf3 c6 4. Bg2 Bf5 5. O-O e6 6. Bg5 Nbd7 7. Nbd2 h6 8.
Bxf6 Nxf6 9. c3 Bd6 10. Rc1 O-O 11. Qb3 Qb6 12. Rfe1 Rfd8 13. Qxb6 axb6 14. a3
b5 15. Ne5 Bxe5 16. dxe5 Nd7 17. f4 Nc5 18. Bf3 Na4 19. b3 Nc5 20. Ra1 Ra7 21.
Ra2 Rda8 22. Rea1 Kf8 23. Kf2 Ke7 24. g4 Bg6 25. h4 f6 26. exf6+ gxf6 27. Ke3
e5 28. f5 Bf7 29. b4 Na4 30. Kd3 e4+ 31. Nxe4 dxe4+ 32. Bxe4 Bxa2 0-1

[Event "a plk. Karla Hromádky"]
[Site "?"]
[Date "????.??.??"]
[Round "1.5"]
[White "Kalendovsky, Jan"]
[Black "Stepan, Petr"]
[Result "1-0"]
[WhiteElo "1938"]
[BlackElo "1837"]
[PlyCount "59"]

1. e4 e5 2. f4 exf4 3. Qf3 Bc5 4. Ne2 Nc6 5. Qxf4 d6 6. Nbc3 Nf6 7. d3 O-O 8.
Bd2 Nd4 9. Nxd4 Bxd4 10. O-O-O c5 11. Be2 a6 12. g4 b5 13. g5 Ne8 14. Nd5 Be6
15. h4 b4 16. h5 Bxd5 17. exd5 a5 18. Rdf1 Qd7 19. g6 Nf6 20. gxh7+ Nxh7 21.
Bg4 Qa4 22. Kb1 Be5 23. Qf5 Nf6 24. h6 g6 25. h7+ Nxh7 26. Rxh7 Kxh7 27. Rh1+
Kg8 28. Qg5 Rfb8 29. Be6 b3 30. Qxg6+ 1-0

[Event "a plk. Karla Hromádky"]
[Site "?"]
[Date "????.??.??"]
[Round "1.6"]
[White "Buchnicek, Petr"]
[Black "Bures, Vit"]
[Result "0-1"]
[WhiteElo "2212"]
[BlackElo "2182"]
[PlyCount "106"]

1. e4 e5 2. Nc3 Nf6 3. Bc4 Nxe4 4. Qh5 Nd6 5. Qxe5+ Qe7 6. Qxe7+ Bxe7 7. Bb3
Nf5 8. Nf3 c6 9. O-O d5 10. d4 f6 11. Re1 Kf7 12. Bf4 g5 13. Be3 Be6 14. Bxg5
fxg5 15. Ne5+ Kf8 16. Nf3 Bf7 17. Re5 Bg6 18. g4 Nh4 19. Nxh4 gxh4 20. Ne2 Nd7
21. Re3 Nf6 22. f3 Bd6 23. Re6 Ne8 24. Re1 Bf7 25. Re3 Nf6 26. Kg2 Kg7 27. c3
Rae8 28. Ng1 Bf4 29. R3e2 Rxe2+ 30. Rxe2 Re8 31. Rxe8 Bxe8 32. Ne2 Bd6 33. h3
Bg6 34. Kf2 Bd3 35. Nc1 Ba6 36. Bc2 Bf4 37. Nb3 b6 38. Bf5 Bc4 39. Bc8 Bxb3 40.
axb3 Bc1 41. Ke2 Bxb2 42. Kd2 Ba3 43. Bb7 c5 44. g5 Nh5 45. Bxd5 Nf4 46. Be4
cxd4 47. cxd4 Nxh3 48. Ke2 Bd6 49. Bf5 Nxg5 50. Kf2 Kf6 51. Bg4 Bf4 52. Kg2 Be3
53. d5 Ke5 0-1

[Event "a plk. Karla Hromádky"]
[Site "?"]
[Date "????.??.??"]
[Round "1.7"]
[White "Kulovana, Eva"]
[Black "Messerschmidt, Stanislav"]
[Result "1/2-1/2"]
[WhiteElo "2070"]
[BlackElo "1966"]
[PlyCount "84"]

1. e4 g6 2. d4 Bg7 3. Nc3 c6 4. h3 d5 5. Nf3 Nf6 6. e5 Ng8 7. Bd3 h5 8. Ne2 Nh6
9. c3 Qb6 10. Qb3 Bf5 11. Bxf5 Nxf5 12. e6 Bf6 13. exf7+ Kxf7 14. O-O Qxb3 15.
axb3 Nd7 16. Bf4 a6 17. Nc1 c5 18. dxc5 Nxc5 19. b4 Ne6 20. Be5 g5 21. Nd3 g4
22. hxg4 hxg4 23. Nh2 Rag8 24. Rfe1 Rg5 25. Nf1 Rgh5 26. Ng3 Nxg3 27. fxg3 Ng5
28. Bxf6 exf6 29. Nf4 Rh1+ 30. Kf2 Ne4+ 31. Ke3 Rxe1+ 32. Rxe1 Nxg3 33. Nxd5
Re8+ 34. Kf2 Rxe1 35. Kxe1 Ke6 36. Ne3 f5 37. Kd2 b5 38. Kd3 Ke5 39. b3 Ne4 40.
c4 Nf2+ 41. Ke2 Ne4 42. Kd3 Nf2+ 1/2-1/2

[Event "a plk. Karla Hromádky"]
[Site "?"]
[Date "????.??.??"]
[Round "1.9"]
[White "Kabat, Josef"]
[Black "Rotrekl, Rostislav"]
[Result "1/2-1/2"]
[WhiteElo "1854"]
[BlackElo "1885"]
[PlyCount "46"]

1. c4 Nf6 2. Nc3 d5 3. d4 g6 4. Bf4 Bg7 5. e3 O-O 6. Nf3 c5 7. Nb5 Qa5+ 8. Qd2
Qxd2+ 9. Nxd2 Na6 10. Rc1 cxd4 11. Nxd4 Bd7 12. Be2 Nb4 13. a3 Nc6 14. Nxc6
Bxc6 15. Nf3 dxc4 16. Bxc4 Nh5 17. Be5 Bxf3 18. Bxg7 Nxg7 19. gxf3 Rac8 20. Ke2
Rfd8 21. Bd3 Ne6 22. Rc4 Rxc4 23. Bxc4 Nc5 1/2-1/2

[Event "a plk. Karla Hromádky"]
[Site "?"]
[Date "????.??.??"]
[Round "1.10"]
[White "Prymula, Roman"]
[Black "Rozumek, Vlastimil"]
[Result "1-0"]
[WhiteElo "2167"]
[BlackElo "2053"]
[PlyCount "75"]

1. d4 Nf6 2. Nf3 e6 3. c3 d5 4. Bg5 Be7 5. Nbd2 O-O 6. e3 h6 7. Bh4 c5 8. Bd3
b6 9. O-O Ba6 10. Bxa6 Nxa6 11. Ne5 Nb8 12. f4 Qd6 13. Bxf6 Bxf6 14. Qh5 Nc6
15. Rf3 Bxe5 16. fxe5 Qe7 17. Raf1 Qg5 18. Qh3 Qg6 19. Rg3 Qh7 20. Nf3 Rae8 21.
Nh4 Ne7 22. Qg4 Kh8 23. Rh3 Ng6 24. Rhf3 Nxh4 25. Qxh4 Kg8 26. g4 Qe4 27. Qg3
f6 28. exf6 Rxf6 29. Rxf6 gxf6 30. Rxf6 cxd4 31. cxd4 Rc8 32. Rf1 Rc2 33. Qb8+
Kg7 34. Qf8+ Kg6 35. Qf7+ Kg5 36. Qf6+ Kxg4 37. Rf4+ Qxf4 38. Qxf4+ 1-0

[Event "a plk. Karla Hromádky"]
[Site "?"]
[Date "????.??.??"]
[Round "1.11"]
[White "Cechal, Martin"]
[Black "Postupa, Pavel"]
[Result "1-0"]
[WhiteElo "1977"]
[BlackElo "1939"]
[PlyCount "107"]

1. e4 c5 2. Nf3 e6 3. c3 Nf6 4. e5 Nd5 5. d4 cxd4 6. cxd4 Nc6 7. Nc3 Nxc3 8.
bxc3 d5 9. exd6 Bxd6 10. Bb5 Qa5 11. Qd3 Bd7 12. O-O a6 13. Bc4 O-O 14. Ng5 g6
15. Qh3 h5 16. Ne4 Be7 17. Bh6 Rfd8 18. Qf3 Qf5 19. Qxf5 exf5 20. Nd2 Be6 21.
Rfe1 Bxc4 22. Nxc4 b5 23. Nb2 Bf6 24. Nd3 Kh7 25. Bf4 Rd5 26. a3 Rc8 27. Rac1
Na5 28. Nb4 Rd7 29. Nxa6 g5 30. Be5 Bxe5 31. Rxe5 Rxd4 32. Rxf5 Kg6 33. Rxb5
Ra4 34. Nc5 Rxa3 35. Ne4 g4 36. Rb6+ Rc6 37. Rxc6+ Nxc6 38. f3 f5 39. Nd2 Ra2
40. Nc4 gxf3 41. gxf3 Ra4 42. Ne3 Ne5 43. Kg2 f4 44. Nd5 Ra2+ 45. Kh1 Nxf3 46.
Nxf4+ Kf5 47. Ng2 h4 48. h3 Ke4 49. c4 Ng5 50. c5 Nxh3 51. c6 Nf2+ 52. Kg1 Nh3+
53. Kh2 Ra8 54. Kxh3 1-0

[Event "a plk. Karla Hromádky"]
[Site "?"]
[Date "????.??.??"]
[Round "2.1"]
[White "Mayer, Josef"]
[Black "Kovacs, Ivan"]
[Result "1-0"]
[WhiteElo "1984"]
[BlackElo "1687"]
[PlyCount "63"]

1. c4 e6 2. Nc3 Nf6 3. e4 Bb4 4. e5 Bxc3 5. bxc3 Ng8 6. Qg4 g6 7. d4 b6 8. Bg5
Ne7 9. Bf6 Rg8 10. Qh4 Nbc6 11. Nf3 h5 12. Bd3 d6 13. O-O-O Qd7 14. Bc2 Nf5 15.
Qh3 Nh6 16. Ba4 Ng4 17. d5 Bb7 18. Qh4 Nxf6 19. exf6 O-O-O 20. Rhe1 e5 21. Qe4
Qg4 22. Bxc6 Bxc6 23. dxc6 Qxg2 24. Rd2 Qh3 25. Ng5 Qxc3+ 26. Rc2 Qa3+ 27. Kb1
Rgf8 28. Re3 Qb4+ 29. Rb2 Qc5 30. Qd5 Qa5 31. Qxa5 bxa5 32. Reb3 1-0

[Event "a plk. Karla Hromádky"]
[Site "?"]
[Date "????.??.??"]
[Round "2.2"]
[White "Svetly, Jiri"]
[Black "Urban, Vlastimil"]
[Result "0-1"]
[WhiteElo "1981"]
[BlackElo "1954"]
[PlyCount "60"]

1. d4 d5 2. c4 dxc4 3. e4 Nf6 4. Nc3 e6 5. Bxc4 a6 6. Bg5 Be7 7. Nf3 b5 8. Be2
Bb7 9. Qc2 Nbd7 10. Rd1 O-O 11. e5 Nd5 12. Bxe7 Qxe7 13. Bd3 h6 14. Ne4 Nb4 15.
Qb1 Nxd3+ 16. Qxd3 Qb4+ 17. Qc3 Qxc3+ 18. Nxc3 Bxf3 19. gxf3 c5 20. dxc5 Nxe5
21. Ke2 Rfd8 22. f4 Nc6 23. Ke3 Kf8 24. Rd6 Ne7 25. Rxd8+ Rxd8 26. b4 Nf5+ 27.
Kf3 Rd3+ 28. Ke4 Rxc3 29. Rd1 Rc4+ 30. Ke5 Ke7 0-1

[Event "a plk. Karla Hromádky"]
[Site "?"]
[Date "????.??.??"]
[Round "2.3"]
[White "Stork, Rostislav"]
[Black "Nemec, Igor"]
[Result "1/2-1/2"]
[WhiteElo "1824"]
[BlackElo "1957"]
[PlyCount "41"]

1. e4 e5 2. Nf3 Nc6 3. Nc3 Nf6 4. Bb5 d6 5. d4 exd4 6. Nxd4 Bd7 7. O-O Be7 8.
Re1 O-O 9. Bg5 a6 10. Nxc6 Bxc6 11. Bxc6 bxc6 12. e5 dxe5 13. Rxe5 Qd6 14. Qe2
Bd8 15. Rd1 Qb4 16. Qd3 Nd5 17. Bxd8 Raxd8 18. Nxd5 cxd5 19. Rxd5 Rxd5 20. Qxd5
Qxb2 21. Qc4 1/2-1/2

[Event "a plk. Karla Hromádky"]
[Site "?"]
[Date "????.??.??"]
[Round "2.5"]
[White "Stepan, Petr"]
[Black "Buchnicek, Petr"]
[Result "0-1"]
[WhiteElo "1837"]
[BlackElo "2212"]
[PlyCount "74"]

1. d4 f5 2. c4 Nf6 3. Nc3 e6 4. Qc2 d5 5. Nf3 c6 6. h3 Bd6 7. Bg5 O-O 8. e3 Qe8
9. Ne5 Nbd7 10. f4 Ne4 11. Nxe4 fxe4 12. Be2 Bb4+ 13. Kf2 Nxe5 14. dxe5 Qg6 15.
a3 Qxg5 16. axb4 Qxe5 17. Rhf1 d4 18. Bg4 d3 19. Qc3 Qxc3 20. bxc3 e5 21. Bxc8
Raxc8 22. Kg3 a6 23. fxe5 Rxf1 24. Rxf1 Re8 25. Rf5 g6 26. Rf1 Rxe5 27. Rd1 Rf5
28. c5 Kf7 29. c4 Ke6 30. Re1 g5 31. Rd1 a5 32. bxa5 Rxc5 33. h4 gxh4+ 34. Kxh4
Rxc4 35. Kg4 Ke5 36. Rb1 Rc5 37. Rxb7 d2 0-1

[Event "a plk. Karla Hromádky"]
[Site "?"]
[Date "????.??.??"]
[Round "2.7"]
[White "Messerschmidt, Stanislav"]
[Black "Rotrekl, Rostislav"]
[Result "1-0"]
[WhiteElo "1966"]
[BlackElo "1885"]
[PlyCount "76"]

1. c4 Nf6 2. Nc3 d5 3. cxd5 Nxd5 4. g3 g6 5. Bg2 c6 6. Nf3 Bg7 7. O-O O-O 8. e3
Bg4 9. Qb3 Nxc3 10. bxc3 Qb6 11. d4 Nd7 12. Ba3 Rfe8 13. Ng5 Qxb3 14. axb3 h6
15. Ne4 Bf5 16. Nd2 Bd3 17. Rfe1 Ba6 18. Bb2 e5 19. Bxc6 bxc6 20. Rxa6 exd4 21.
cxd4 c5 22. Rea1 cxd4 23. Bxd4 Bxd4 24. exd4 Re2 25. Nc4 Rb8 26. Rxa7 Nf6 27.
Ra8 Rxa8 28. Rxa8+ Kg7 29. f3 Nd5 30. Ra7 Ne3 31. Nxe3 Rxe3 32. Rb7 Rxf3 33. d5
Rd3 34. Rb5 Kf6 35. Kf2 Ke5 36. Rb7 f5 37. Rb6 g5 38. Rxh6 Rxd5 1-0

[Event "a plk. Karla Hromádky"]
[Site "?"]
[Date "????.??.??"]
[Round "2.8"]
[White "Hodovsky, Jiri"]
[Black "Kabat, Josef"]
[Result "1-0"]
[WhiteElo "2097"]
[BlackElo "1854"]
[PlyCount "58"]

1. e4 e6 2. d4 d5 3. Nc3 Bb4 4. e5 c5 5. Bd2 a6 6. Nce2 Nc6 7. f4 c4 8. Bxb4
Nxb4 9. Ng3 Ne7 10. c3 Nbc6 11. Nf3 Ng6 12. Qd2 h5 13. h4 Nce7 14. Be2 Bd7 15.
Ng5 f6 16. Nxe6 Bxe6 17. exf6 gxf6 18. Nxh5 Kf7 19. O-O-O Qa5 20. a3 Nf5 21. g4
Nfxh4 22. f5 Nxf5 23. gxf5 Bxf5 24. Rdf1 Rxh5 25. Bxh5 Be4 26. Bxg6+ Bxg6 27.
Qg5 Qb6 28. Qxd5+ Qe6 29. Qxe6+ Kxe6 1-0

[Event "a plk. Karla Hromádky"]
[Site "?"]
[Date "????.??.??"]
[Round "2.10"]
[White "Rozumek, Vlastimil"]
[Black "Cechal, Martin"]
[Result "0-1"]
[WhiteElo "2053"]
[BlackElo "1977"]
[PlyCount "90"]

1. d4 d6 2. c4 g6 3. Nc3 Bg7 4. e4 e5 5. Nf3 exd4 6. Nxd4 Ne7 7. Be3 O-O 8. Qd2
Re8 9. Be2 Nbc6 10. O-O-O f5 11. f3 fxe4 12. Nxe4 Nf5 13. Nxf5 Bxf5 14. g4 Bxe4
15. fxe4 Qe7 16. Bd3 Qe5 17. Bb1 Rf8 18. Bh6 Bxh6 19. Qxh6 Qf4+ 20. Qxf4 Rxf4
21. h3 Raf8 22. Rd5 Rf1+ 23. Rd1 Rxh1 24. Rxh1 Rf2 25. a3 Ne5 26. b3 Nf3 27.
Bd3 Nd4 28. b4 Nb3+ 29. Kb1 Rd2 30. Bc2 Nd4 31. Bd1 Rf2 32. c5 dxc5 33. bxc5
Kg7 34. Re1 Ne6 35. e5 Kf7 36. c6 bxc6 37. Bb3 Ke7 38. Rc1 Nd4 39. Ba2 Re2 40.
Rc4 Re4 41. Kb2 Ke6 42. Kc3 Kxe5 43. Bb1 Nb5+ 44. Kb4 Rxc4+ 45. Kxc4 Nxa3+ 0-1

[Event "a plk. Karla Hromádky"]
[Site "?"]
[Date "????.??.??"]
[Round "3.1"]
[White "Nemec, Igor"]
[Black "Mayer, Josef"]
[Result "0-1"]
[WhiteElo "1957"]
[BlackElo "1984"]
[PlyCount "72"]

1. e4 g6 2. d4 Bg7 3. Nc3 d6 4. f4 Nf6 5. Bd3 Bg4 6. Nf3 Nc6 7. e5 dxe5 8. dxe5
Nd5 9. Nxd5 Qxd5 10. Be2 Qc5 11. Qd3 Bf5 12. Qb5 Qxb5 13. Bxb5 Bxc2 14. O-O O-O
15. Be3 Rfd8 16. Rac1 Bd3 17. Bxd3 Rxd3 18. Kf2 Rad8 19. Ke2 f6 20. exf6 Bxf6
21. b3 a6 22. g4 R3d7 23. h4 Nb4 24. a3 Nc6 25. h5 Bb2 26. Rc4 Bxa3 27. hxg6
hxg6 28. f5 Bd6 29. Ng5 Na5 30. Re4 Nxb3 31. Rh1 Ba3 32. Re6 Rd6 33. Rxg6+ Rxg6
34. fxg6 Nd4+ 35. Bxd4 Rxd4 36. Nf7 Rd5 0-1

[Event "a plk. Karla Hromádky"]
[Site "?"]
[Date "????.??.??"]
[Round "3.2"]
[White "Urban, Vlastimil"]
[Black "Stork, Rostislav"]
[Result "0-1"]
[WhiteElo "1954"]
[BlackElo "1824"]
[PlyCount "114"]

1. d4 d5 2. c4 e5 3. dxe5 d4 4. Nf3 Nc6 5. g3 Nge7 6. Bg2 Ng6 7. O-O Bc5 8. Bg5
Qd7 9. a3 a5 10. Bd2 O-O 11. Qc2 Ncxe5 12. Nxe5 Nxe5 13. Bf4 Qe6 14. Nd2 Ng6
15. Bd5 Qf6 16. Bxc7 Bh3 17. Bg2 Bxg2 18. Kxg2 Qc6+ 19. Kg1 Qxc7 20. Ne4 Ba7
21. b4 axb4 22. axb4 b6 23. Rac1 Rac8 24. Nd2 Ne5 25. Qe4 Rfd8 26. Rfd1 Qd6 27.
Nb3 d3 28. exd3 Nxd3 29. Rc3 Nxf2 30. Rxd6 Nxe4 31. Rxd8+ Rxd8 32. Re3 Nd6 33.
Re7 Nc8 34. Rc7 Kf8 35. Nd4 Rxd4 36. Rxc8+ Ke7 37. Rc7+ Rd7 38. Rc6 Rb7 39. Kg2
Bb8 40. Rc8 Bd6 41. c5 bxc5 42. bxc5 Be5 43. Ra8 Rc7 44. Ra5 Bd4 45. Kf3 Bxc5
46. h3 Bd6 47. Ra4 Rc3+ 48. Kg4 Rxg3+ 49. Kh4 g5+ 50. Kh5 Kf6 51. h4 gxh4 52.
Kxh4 Ke6 53. Ra7 Rg1 54. Ra6 f5 55. Kh3 f4 56. Ra7 f3 57. Ra2 Bc5 0-1

[Event "a plk. Karla Hromádky"]
[Site "?"]
[Date "????.??.??"]
[Round "3.3"]
[White "Kovacs, Ivan"]
[Black "Svetly, Jiri"]
[Result "0-1"]
[WhiteElo "1687"]
[BlackElo "1981"]
[PlyCount "40"]

1. d4 Nf6 2. e3 g6 3. Nf3 d5 4. g3 Bg7 5. Bg2 Bg4 6. O-O O-O 7. b3 Ne4 8. Bb2
Nd7 9. Nbd2 c6 10. Qc1 Ndf6 11. c4 Rc8 12. Nxe4 Nxe4 13. Nd2 f5 14. Nxe4 fxe4
15. c5 Bf3 16. a4 Qd7 17. b4 Qg4 18. b5 Rf6 19. Bxf3 exf3 20. Qc2 Qh3 0-1

[Event "a plk. Karla Hromádky"]
[Site "?"]
[Date "????.??.??"]
[Round "3.4"]
[White "Kalendovsky, Jan"]
[Black "Kredl, Karel"]
[Result "1/2-1/2"]
[WhiteElo "1938"]
[BlackElo "2033"]
[PlyCount "43"]

1. e4 c5 2. Nc3 Nc6 3. g3 g6 4. Bg2 Bg7 5. d3 d6 6. Nge2 e6 7. Be3 Nd4 8. Qd2
Ne7 9. h4 h5 10. O-O Nec6 11. f4 a6 12. a3 Rb8 13. Rab1 b5 14. b4 O-O 15. Nd1
Qe7 16. c3 Nxe2+ 17. Qxe2 cxb4 18. cxb4 Bd7 19. Qf2 a5 20. d4 axb4 21. axb4
Rfc8 22. Bh3 1/2-1/2

[Event "a plk. Karla Hromádky"]
[Site "?"]
[Date "????.??.??"]
[Round "3.5"]
[White "Buchnicek, Petr"]
[Black "Krejcik, Miroslav"]
[Result "1-0"]
[WhiteElo "2212"]
[BlackElo "1886"]
[PlyCount "47"]

1. d4 d5 2. Nf3 c6 3. Bf4 Nf6 4. e3 g6 5. h3 Bg7 6. Bd3 O-O 7. Nbd2 Nbd7 8. O-O
b6 9. c4 Ba6 10. Qa4 Bb7 11. cxd5 Nxd5 12. Bh2 c5 13. Bb5 N5f6 14. Rfd1 cxd4
15. Nxd4 Nc5 16. Qa3 Nfe4 17. Nxe4 Nxe4 18. Ne6 Qxd1+ 19. Rxd1 fxe6 20. f3 Nc5
21. b4 a6 22. Be2 Ne4 23. fxe4 Bxe4 24. Bc4 1-0

[Event "a plk. Karla Hromádky"]
[Site "?"]
[Date "????.??.??"]
[Round "3.6"]
[White "Bures, Vit"]
[Black "Stepan, Petr"]
[Result "1-0"]
[WhiteElo "2182"]
[BlackElo "1837"]
[PlyCount "89"]

1. d4 d5 2. c4 e6 3. Nc3 c6 4. e3 Nf6 5. Nf3 Nbd7 6. Bd3 Bd6 7. e4 dxe4 8. Nxe4
Bc7 9. O-O Nxe4 10. Bxe4 Nf6 11. Bc2 O-O 12. Bg5 h6 13. Bh4 Re8 14. Qd3 g5 15.
Bg3 Kg7 16. Rad1 Rh8 17. h4 Nh5 18. Be5+ Bxe5 19. Nxe5 Qf6 20. Qe4 Nf4 21. g3
Nh5 22. Qg4 Nf4 23. gxf4 Qxf4 24. Qxf4 gxf4 25. Nd3 Kf6 26. Nxf4 Rg8+ 27. Kh2
Rg4 28. Ng2 Bd7 29. f3 Rg7 30. Nf4 Ke7 31. Rg1 Rag8 32. Rxg7 Rxg7 33. Rg1 Rxg1
34. Kxg1 Kd6 35. c5+ Ke7 36. Kf2 f6 37. Ng6+ Kf7 38. f4 b6 39. b4 Kg7 40. f5 e5
41. dxe5 fxe5 42. Nxe5 Be8 43. Ke3 h5 44. Kf4 Kf6 45. Be4 1-0

[Event "a plk. Karla Hromádky"]
[Site "?"]
[Date "????.??.??"]
[Round "3.8"]
[White "Kabat, Josef"]
[Black "Kulovana, Eva"]
[Result "0-1"]
[WhiteElo "1854"]
[BlackElo "2070"]
[PlyCount "40"]

1. c4 e5 2. Nc3 Bb4 3. a3 Bxc3 4. bxc3 Nf6 5. d3 O-O 6. e4 h6 7. Nf3 Re8 8. Be2
c6 9. O-O d5 10. Qc2 dxe4 11. dxe4 Nbd7 12. Nh4 Nc5 13. f3 Nfxe4 14. fxe4 Qxh4
15. Bf3 Be6 16. Be3 Qe7 17. Qf2 Nb3 18. Rab1 Bxc4 19. Rfd1 b6 20. Qg3 Kh8 0-1

[Event "a plk. Karla Hromádky"]
[Site "?"]
[Date "????.??.??"]
[Round "3.9"]
[White "Rotrekl, Rostislav"]
[Black "Hodovsky, Jiri"]
[Result "1/2-1/2"]
[WhiteElo "1885"]
[BlackElo "2097"]
[PlyCount "59"]

1. d4 Nf6 2. Bf4 e6 3. e3 c5 4. c3 Nc6 5. Nd2 b6 6. Ngf3 Bb7 7. Bd3 Be7 8. h3
d6 9. O-O O-O 10. Qe2 Qc7 11. Rfd1 e5 12. dxe5 dxe5 13. Bh2 Nd7 14. Ba6 Bxa6
15. Qxa6 Rad8 16. Qe2 Rfe8 17. Rac1 Bf8 18. Nb3 g6 19. Rd2 Bg7 20. Rcd1 Nf8 21.
Rxd8 Rxd8 22. Rxd8 Qxd8 23. Qd2 Qxd2 24. Nfxd2 f5 25. e4 Kf7 26. f3 a5 27. a4
Nd7 28. Nc4 Ke6 29. Kf2 Ne7 30. Ke2 1/2-1/2

[Event "a plk. Karla Hromádky"]
[Site "?"]
[Date "????.??.??"]
[Round "3.11"]
[White "Postupa, Pavel"]
[Black "Rozumek, Vlastimil"]
[Result "1/2-1/2"]
[WhiteElo "1939"]
[BlackElo "2053"]
[PlyCount "110"]

1. e4 c6 2. c4 d5 3. exd5 cxd5 4. d4 Nf6 5. Nc3 a6 6. Nf3 Bg4 7. Be2 e6 8. h3
Bxf3 9. Bxf3 Nc6 10. cxd5 Nxd5 11. O-O Nxc3 12. bxc3 Be7 13. Rb1 Qc7 14. Qb3 b5
15. d5 Na5 16. Qc2 exd5 17. Qf5 O-O 18. Bxd5 Rac8 19. Rd1 Bf6 20. Bf4 Qc5 21.
Be4 Qxf5 22. Bxf5 Rxc3 23. Bd2 Rc5 24. Bxh7+ Kxh7 25. Bxa5 Rc2 26. a3 Re8 27.
Rb3 Ree2 28. Rf3 Kg6 29. Rd6 Re6 30. Rd5 Be7 31. Rg3+ Kh7 32. Rh5+ Kg8 33. Rf3
Bd6 34. g3 Ra2 35. Bb4 Bxb4 36. axb4 g6 37. Rh4 Kg7 38. Rhf4 f6 39. Rd3 g5 40.
Rfd4 a5 41. bxa5 Rxa5 42. Rb4 Rb6 43. Rdb3 Ra1+ 44. Kg2 Ra5 45. Kf3 Kg6 46. Ke4
Ra2 47. Rb2 Rxb2 48. Rxb2 b4 49. Rb3 f5+ 50. Kd5 f4 51. Kc5 Rf6 52. Rxb4 fxg3
53. fxg3 Rf3 54. Rg4 Kf5 55. Kd4 Rf1 1/2-1/2

[Event "a plk. Karla Hromádky"]
[Site "?"]
[Date "????.??.??"]
[Round "4.1"]
[White "Mayer, Josef"]
[Black "Svetly, Jiri"]
[Result "1/2-1/2"]
[WhiteElo "1984"]
[BlackElo "1981"]
[PlyCount "72"]

1. c4 Nf6 2. Nc3 g6 3. g3 Bg7 4. Bg2 e5 5. Nf3 Nc6 6. O-O O-O 7. d4 exd4 8.
Nxd4 Nxd4 9. Qxd4 d6 10. Qd2 Rb8 11. b3 Re8 12. Bb2 Bf5 13. f3 Qd7 14. e4 Bh3
15. Rad1 Bxg2 16. Kxg2 Qe6 17. Rfe1 Rbd8 18. Nd5 Nxd5 19. cxd5 Qd7 20. Bxg7
Kxg7 21. Qd4+ f6 22. Qxa7 Ra8 23. Qf2 Qb5 24. Rc1 c5 25. Qe2 Qb6 26. Qb2 Ra5
27. Qb1 Rea8 28. a4 Qb4 29. Re2 b5 30. Rb2 Rb8 31. axb5 Raxb5 32. Qd3 Qa3 33.
Rcb1 Rb4 34. Qc2 Ra8 35. Qc3 Qa6 36. Qc2 Qa3 1/2-1/2

[Event "a plk. Karla Hromádky"]
[Site "?"]
[Date "????.??.??"]
[Round "4.2"]
[White "R, Rostislav"]
[Black "Kovacs, Ivan"]
[Result "1-0"]
[WhiteElo "1824"]
[BlackElo "1687"]
[PlyCount "57"]

1. e4 e5 2. Nf3 d6 3. d4 exd4 4. Qxd4 Nc6 5. Bb5 Bd7 6. Bxc6 Bxc6 7. Bf4 Nf6 8.
Nbd2 Be7 9. O-O-O O-O 10. h3 Nh5 11. Be3 Bf6 12. Qb4 Be7 13. Qb3 Nf6 14. e5
dxe5 15. Nxe5 Bxg2 16. Rhg1 Bd5 17. c4 Qd6 18. Ndf3 c6 19. Bh6 Nh5 20. Be3 b5
21. cxd5 cxd5 22. Rxd5 Rac8+ 23. Kb1 Qa6 24. Nd7 Rfd8 25. Rxh5 Rxd7 26. Rxb5 h5
27. Ne5 Qe6 28. Qxe6 fxe6 29. Nxd7 1-0

[Event "a plk. Karla Hromádky"]
[Site "?"]
[Date "????.??.??"]
[Round "4.3"]
[White "Nemec, Igor"]
[Black "Urban, Vlastimil"]
[Result "0-1"]
[WhiteElo "1957"]
[BlackElo "1954"]
[PlyCount "74"]

1. e4 c6 2. d4 d5 3. Nc3 dxe4 4. Nxe4 Bf5 5. Ng3 Bg6 6. h4 h6 7. h5 Bh7 8. Nf3
Qc7 9. Ne5 Nd7 10. Nxd7 Qxd7 11. Bf4 Nf6 12. c3 e6 13. Bd3 Bd6 14. Bxd6 Qxd6
15. Bxh7 Nxh7 16. Qg4 O-O-O 17. Qxg7 Ng5 18. Qe5 Qxe5+ 19. dxe5 Rd5 20. f4 Rd3
21. Ne2 Ne4 22. Rg1 Rhd8 23. g4 Re3 24. Rd1 Rg8 25. Rd4 c5 26. Rxe4 Rxe4 27.
Kf2 Ra4 28. a3 Ra6 29. g5 Rb6 30. b4 cxb4 31. cxb4 a5 32. bxa5 Rb3 33. Ng3 hxg5
34. Ne4 g4 35. Nf6 g3+ 36. Kg2 Rb2+ 37. Kh3 Rh2# 0-1

[Event "a plk. Karla Hromádky"]
[Site "?"]
[Date "????.??.??"]
[Round "4.4"]
[White "Kredl, Karel"]
[Black "Stepan, Petr"]
[Result "1/2-1/2"]
[WhiteElo "2033"]
[BlackElo "1837"]
[PlyCount "102"]

1. d4 d5 2. Nf3 Nf6 3. c4 Bf5 4. Nc3 e6 5. Qb3 dxc4 6. Qxc4 c6 7. g3 Nbd7 8.
Bg2 Bd6 9. O-O O-O 10. Re1 Ne4 11. Nh4 Ndf6 12. Nxf5 exf5 13. Nxe4 Nxe4 14. Qb3
Qa5 15. Be3 Rab8 16. Rac1 Bb4 17. Red1 Rfd8 18. a3 Bd2 19. Bxd2 Nxd2 20. Qd3
Ne4 21. Bxe4 fxe4 22. Qxe4 Re8 23. Qd3 Rbd8 24. e3 Qb6 25. Qc3 Qb5 26. b4 Qd5
27. Qd3 h6 28. Rc5 Qf3 29. Rf5 Qg4 30. Rf4 Qe6 31. Rc1 Rd5 32. Rc5 Red8 33.
Rxd5 Rxd5 34. Qe4 Qd7 35. h4 Rh5 36. Qf3 Rd5 37. Kg2 a5 38. Qe2 Rb5 39. Qc4
axb4 40. axb4 Qe7 41. Qa2 Rxb4 42. Qa7 Rb5 43. Qb8+ Kh7 44. Qc8 g5 45. hxg5
hxg5 46. Qh3+ Kg6 47. Rf3 Qe4 48. g4 Kg7 49. Qh5 Qg6 50. Qh2 Qe4 51. Qh5 Qg6
1/2-1/2

[Event "a plk. Karla Hromádky"]
[Site "?"]
[Date "????.??.??"]
[Round "4.5"]
[White "Krejcik, Miroslav"]
[Black "Bures, Vit"]
[Result "0-1"]
[WhiteElo "1886"]
[BlackElo "2182"]
[PlyCount "63"]

1. d4 d5 2. g3 Nf6 3. Nf3 c6 4. Bg2 h6 5. O-O Bf5 6. c3 Nbd7 7. Nbd2 e6 8. Qb3
Qb6 9. Re1 Be7 10. Qxb6 axb6 11. a3 O-O 12. h3 Bh7 13. Ne5 Nxe5 14. dxe5 Nd7
15. f4 Nc5 16. b4 Na4 17. c4 f6 18. Nf3 dxc4 19. e4 Rfd8 20. exf6 Bxf6 21. e5
Be7 22. Bf1 b5 23. Be3 c5 24. bxc5 Bxc5 25. Bxc5 Nxc5 26. Rec1 Nb3 27. Ne1 Nxc1
28. Rxc1 Rxa3 29. Kf2 Rd2+ 30. Be2 Bd3 31. Nxd3 cxd3 32. Rc4 0-1